| 000 | 00660nab a2200193 4500 | ||
|---|---|---|---|
| 999 |
_c372318 _d372318 |
||
| 001 | 90031 | ||
| 003 | OSt | ||
| 005 | 20230328113049.0 | ||
| 007 | tu | ||
| 008 | 110905s2000||||||| | ||
| 040 |
_aDE-2950 _cDE-2950 |
||
| 245 | 0 | 0 |
_aBevölkerung wäschst um mehr als 900 Einwohner. _bDemografie. Frankfurt hat im Jahr 2022 von einer hohen Zahl an Zuzügen, insbesondere aus der Ukraine, profitiert. Der Ausländeranteil steigt auf 14,6 Prozent / _cThomas Gutke |
| 264 | _c2023 | ||
| 653 | _aFrankfurt (Oder) | ||
| 653 | _aDemografie | ||
| 653 | _a2022 | ||
| 773 | 0 |
_g34. Jahrgang (2023) Nr. 69, 22.03.2023, S. 13: mit Foto _tMärkische Oderzeitung |
|
| 942 |
_2z _cA |
||